| 000 | 01007cam a2200145 4500500 | ||
|---|---|---|---|
| 005 | 20251228142133.0 | ||
| 041 | _afre | ||
| 042 | _adc | ||
| 100 | 1 | 0 |
_aEl-Haggar, Nabil _eauthor |
| 700 | 1 | 0 |
_aPorchet, Maurice _eauthor |
| 245 | 0 | 0 | _aLe vivant : Enjeux : éthique et développement |
| 260 |
_bL'Harmattan,
_c2005. |
||
| 520 | _aLe vivant, question intemporelle, passionne les savants depuis toujours. Le développement scientifique et technique croissant suscite, plus que jamais, un intense débat, témoignant d’une grande inquiétude animée par des considérations tant culturelles et métaphysiques que politiques et éthiques. Cet ouvrage expose une partie de ces considérations et les enjeux qui en découlent. Il met en évidence la difficulté d’une étude «objective» du vivant, sujet mythique, subjectif, spirituel et énigmatique qui interroge au plus profond notre humanité. | ||
| 856 | 4 | 1 | _uhttps://shs.cairn.info/le-vivant--9782747580908?lang=fr&redirect-ssocas=7080 |
| 999 |
_c1608057 _d1608057 |
||